书目信息 |
| 题名: |
设计数学
|
|
| 作者: | 徐人平 主编 | |
| 分册: | ||
| 出版信息: | 北京 化学工业出版社 2006 |
|
| 页数: | 320页 | |
| 开本: | 26cm | |
| 丛书名: | 高等学校教材 | |
| 单 册: | ||
| 中图分类: | TB47 | |
| 科图分类: | ||
| 主题词: | 数学--应用--艺术--设计--高等学校--教材 , 数学--应用--工业设计--高等学校--教材 | |
| 电子资源: | ||
| ISBN: | 7-5025-7253-8 | |
| 000 | 00944nam0 2200265 450 | |
| 005 | 20061227083622.23 | |
| 010 | @a7-5025-7253-8@dCNY39.80 | |
| 100 | @a20060829d2006 em y0chiy0120 ea | |
| 101 | 0 | @achi |
| 102 | @aCN@b110000 | |
| 105 | @aafk a 000yy | |
| 200 | 1 | @a设计数学@AShe Ji Shu Xue@f徐人平主编@FXu Ren Ping Zhu Bian |
| 210 | @a北京@c化学工业出版社@d2006 | |
| 215 | @a320页@c图@d26cm | |
| 225 | 2 | @a高等学校教材 |
| 314 | @a徐人平,1949年生,博士,教授,博士生导师,现任教育部高等学校工业设计专业教学指导分委员会委员... | |
| 320 | @a有书目: (319-320页) | |
| 330 | @a本书包括初等设计数学、高等设计数学、设计数学实验三个部分的内容,包括比例、数列与构图等内容。 | |
| 410 | 0 | @12001 @a高等学校教材 |
| 606 | 0 | @a数学@x应用@x艺术@x设计@x高等学校@x教材 |
| 606 | 0 | @a数学@x应用@x工业设计@x高等学校@x教材 |
| 690 | @aTB47@v4 | |
| 701 | 0 | @a徐人平@AXu Ren Ping@4主编 |
| 801 | 0 | @aCN@b中图数据@c20061227 |
| 905 | @a10447@dTB47@e104 | |
| 设计数学/徐人平主编.-北京:化学工业出版社,2006 |
| 320页:图;26cm.-(高等学校教材) |
| ISBN 7-5025-7253-8:CNY39.80 |
| 本书包括初等设计数学、高等设计数学、设计数学实验三个部分的内容,包括比例、数列与构图等内容。 |
| ● |
| 相关链接 |
|
|
|
|
正题名:设计数学
索取号:TB47/104
 
预约/预借
| 序号 | 登录号 | 条形码 | 馆藏地/架位号 | 状态 | 备注 |
| 1 | 0617008 | 206170089 | 第二样本阅览室/ [索取号:TB47/104] | 在馆 | |
| 2 | 0617009 | 206170098 | 第三借阅区/ [索取号:TB47/104] | 在馆 | |
| 3 | 0617010 | 206170105 | 第三借阅区/ [索取号:TB47/104] | 在馆 |